Aromas de mujer / (Record no. 197082)

MARC details
000 -LEADER
campo de control de longitud fija 01312nam a2200325 i 4500
001 - NÚMERO DE CONTROL
campo de control 197082
003 - IDENTIFICADOR DE NÚMERO DE CONTROL
campo de control SpMaBN
005 - FECHA Y HORA DE LA ÚLTIMA TRANSACCIÓN
campo de control 20250825062709.0
008 - DATOS DE LONGITUD FIJA--INFORMACIÓN GENERAL
campo de control de longitud fija 250330s2024 sp |||||| 000 | spa|
017 ## - NÚMERO DE COPYRIGHT O DE DEPÓSITO LEGAL
Número de copyright o de depósito legal M 23996-2024
Agencia que asigna Oficina Depósito Legal Madrid
020 ## - NÚMERO INTERNACIONAL ESTÁNDAR DEL LIBRO
Número Internacional Estándar del Libro 9788412787641
040 ## - FUENTE DE CATALOGACIÓN
Centro catalogador/agencia de origen SpMaBN
Lengua de catalogación spa
Centro/agencia transcriptor SpMaBN
Normas de descripción rda
100 1# - ENTRADA PRINCIPAL--NOMBRE DE PERSONA
9 (RLIN) 176562
Nombre de persona López Expósito, Ana María
Término indicativo de función/relación Coordinador
245 10 - MENCIÓN DEL TÍTULO
Título Aromas de mujer /
Mención de responsabilidad, etc. Ana María López Expósito (coordinadora) ; ilustraciones de Pilar París.
300 ## - DESCRIPCIÓN FÍSICA
Extensión 266 páginas
Dimensiones 21 cm
336 ## - TIPO DE CONTENIDO
Término de tipo de contenido Texto
Fuente rdacontent
337 ## - TIPO DE MEDIO
Nombre/término del tipo de medio sin mediación
Fuente rdamedia
338 ## - TIPO DE SOPORTE
Nombre/término del tipo de soporte volumen
Fuente rdacarrier
655 #0 - TERMINO DE INDIZACIÓN--GENERO/FORMA
9 (RLIN) 176540
Datos o término principal de género/forma Antologías
655 #7 - TERMINO DE INDIZACIÓN--GENERO/FORMA
Fuente del término tgfbne
Datos o término principal de género/forma Libros ilustrados
9 (RLIN) 193653
700 1# - ENTRADA AGREGADA--NOMBRE PERSONAL
Nombre de persona París, Pilar
Término indicativo de función/relación Ilustrador
9 (RLIN) 241955
700 1# - ENTRADA AGREGADA--NOMBRE PERSONAL
Nombre de persona Amador Bravo, Juanita
Término indicativo de función/relación Autor
9 (RLIN) 241956
700 1# - ENTRADA AGREGADA--NOMBRE PERSONAL
Nombre de persona Atoulid, Fátima
Término indicativo de función/relación Autor
9 (RLIN) 241957
852 ## - LOCALIZACIÓN
Ubicación ES-MaACL
Ubicación en estantería Depósito J
Número de control de estantería N-10505
Anotaciones manuscritas Dedicatoria autógrafa de Ana María López Expósito
Donativo/Legado Donación: Ana María López Expósito
Encuadernación Encuadernación rústica con solapas
itemnumber 206628
903 ## - NOMBRE PERSONAL DE DONANTE
9 176562
a López Expósito, Ana María
e Donante
942 ## - ELEMENTOS DE ENTRADA SECUNDARIOS (KOHA)
Tipo de ítem Koha Libro impreso
Suprimir en OPAC No
Holdings
Estatus retirado Estado de pérdida Fuente del sistema de clasificación o colocación Estado de daño No para préstamo Colección Biblioteca de origen Biblioteca actual Ubicación en estantería Fecha de adquisición Fuente de adquisición Número de control de estantería Total de préstamos Signatura topográfica completa Código de barras Visto por última vez Precio de reemplazo Tipo de ítem Koha
    Clasificación decimal universal     Libros con dedicatorias Biblioteca del Ateneo de Madrid Biblioteca del Ateneo de Madrid Depósito J 20/08/2025 Donación Ateneísta   N-15005 2025-1004 20/08/2025 20/08/2025 Libro impreso